000 00762nam a2200229 a 4500
001 3338625
005 20240219234414.0
008 850430s1984 enka b 001 0 eng
020 _a0862322782
020 _a0862322790 (pbk.)
040 _aDLC
_cDLC
_dDLC
082 0 0 _a324.2598/075
_219
_bDIL.
100 1 _aTörnquist, Olle.
245 1 0 _aDilemmas of Third World communism :
_bthe destruction of the PKI in Indonesia /
_cOlle Törnquist.
250 _a1st.
260 _aLondon :
_bZed Books ;
_aTotowa, N.J. :
_bU.S. distributor, Biblio Distribution Center,
_c1984.
300 _ax, 307 p :
500 _aRevised translation of Marxistisk barlast.
500 _aRevision of the author's thesis (doctoral)--1982.
500 _aIncludes index.
942 _cL
999 _c427
_d427